000
00254 a2200121 4500
020
_a
7509965860023
041
_a
spa
100
_a
Miguel Angel Herrera
245
_a
La Tierra
500
_a
Bad ISBN possibly 9686135154
942
_c
BK
999
_c
27132
_d
27132
999
_d
27132